petites reines (Les)
<< Retourner aux résultats de la recherche
| Auteur principal : | Clémentine Beauvais |
|---|---|
| Titre : | petites reines (Les) |
| Support : | Livres |
| Langue : | Francais |
| Publié : |
DL 2015 Editions Sarbacane [Paris] |
| Genre : |
Roman (jeunesse) |
| Collection : |
Exprim' |
| Sujets : | |
| Étiquettes : |
Pas de tags
|
| LEADER | 00859nam0a2200205 450 | ||
|---|---|---|---|
| 001 | 16838200 | ||
| 010 | |a 9782848657684 |b br. |d 15,5 | ||
| 100 | |a 20151210d2026 u u0frey01 ba | ||
| 101 | 0 | |a fre | |
| 102 | |a FR | ||
| 200 | 0 | |a petites reines (Les) |f Clémentine Beauvais | |
| 207 | 1 | |a | |
| 210 | |a [Paris] |c Editions Sarbacane |d DL 2015 | ||
| 215 | |a 1 vol. (270 p.) |d 22 cm | ||
| 225 | 1 | |a Exprim' |x 1952-191X | |
| 330 | |a A cause de leur physique ingrat, Mireille, Astrid et Hakima ont gagné le concours de boudins de leur collège. Les trois adolescentes décident d'aller fêter le 14 juillet à l'Elysée, montant à vélo comme vendeuses ambulantes de boudin. | ||
| 700 | 0 | |a Beauvais |b Clémentine |f 1989-.... |4 70 | |
| 900 | |a Roman (jeunesse) | ||
| 901 | |a Adultes | ||
| 995 | |a Médiathèque |c Médiathèque |f 089014363 |h 089014363 |k J BEA |o p |q a |r az |e Médiathèque | ||